Galvanized Square Steel Quiz - Statistics

General Stats
  • This quiz has been taken 259 times
    247 since last reset
  • The average score is 6 of 10
Answer Stats
Hint Answer % Correct
Screws are usually borrowed from who? Aunt
96%
What does he and his wife accidentally have too many of? Kids
85%
Who is the usual user of galvanized square steel? Little John
77%
Out of the three important objects needed for home construction,which one have I not mentioned? Eco-friendly Wood Veneer
71%
What city is the apartment usually located in? New York
62%
When he needs more space, what is the first thing he removes? Windows
59%
How long did he work to save up for an appartment? 10 years
56%
What does he place after that? Galvanized square steel
54%
What is the room always not able to fit? Coffin
22%
What is one of the things stored under the bed? Out of season clothes
14%
No matching quizzes found
Score Distribution
Percent of People with Each Score
Percentile by Number Answered
Your Score History
You have not taken this quiz since the last reset